000 00627nam a2200217 i 4500
001 C2-0230871
003 PPAK
005 20180728083948.0
008 001102s xx |||| ||||| | may d
040 _aPPAK
_beng
_cPPAK
_erda
082 0 4 _a301.05
_223
090 0 0 _a301.05
_bKAR
_dKAH
245 0 0 _aKartinit :
_b1984-1985
264 1 _a[place of publication not identified] :
_b[publisher not identified] ,
_c[date of publication not identified]
300 _aJilid. ;
_c28 cm
336 _2rdacontent
_atext
337 _2rdamedia
_aunmediated
338 _2rdacarrier
_avolume
650 1 0 _aSociology
942 _ddc
_cB
999 _c150404
_d150404